Electronic information systems in sci-tech libraries

Bibliographic Details
Other Authors: Steinke, Cynthia A
Format: Book
Published: New York : The Haworth Press , 1990
Subjects:

MARC

LEADER 00000cam a2200000 7i4500
001 0000002010
002 000002193
005 20000330.0
020 |a 1560240679 
090 0 0 |a 026.50285   |b ELE 
245 0 0 |a Electronic information systems in sci-tech libraries   |c edited by Cynthia A.Steinke 
260 |a New York :   |b The Haworth Press ,   |c 1990 
300 |a 151p. ;   |c 22cm. 
650 0 0 |a Science   |x Information services 
650 0 0 |a Scientific libraries   |x Automation 
650 0 0 |a Technical libraries   |x Automation 
650 0 0 |a Technology   |x Information services 
700 1 |a Steinke, Cynthia A 
999 |a 033769   |b BUKU   |c RUJUKAN   |e PERPUSTAKAAN KOMUNITI PETALING JAYA